BEYOND THE LEAN REVOLUTION ACHIEVING SUC (Record no. 22340)

MARC details
000 -LEADER
fixed length control field 00354nam a2200133Ia 4500
008 - FIXED-LENGTH DATA ELEMENTS--GENERAL INFORMATION
fixed length control field 240624s9999 xx 000 0 und d
041 ## - LANGUAGE CODE
Language code of text/sound track or separate title eng
082 ## - DEWEY DECIMAL CLASSIFICATION NUMBER
Classification number 658.406 NIG
100 ## - MAIN ENTRY--PERSONAL NAME
Personal name NIGHTINGALE DEBORAH J
245 ## - TITLE STATEMENT
Title BEYOND THE LEAN REVOLUTION ACHIEVING SUC
260 ## - PUBLICATION, DISTRIBUTION, ETC.
Date of publication, distribution, etc. 2011
Place of publication, distribution, etc. New York
Name of publisher, distributor, etc. AMACOM
300 ## - PHYSICAL DESCRIPTION
Extent xvi, : 270 : p. : cm. ; 23
365 ## - TRADE PRICE
Currency code
Price amount 25
Holdings
Withdrawn status Lost status Damaged status Not for loan Home library Current library Shelving location Date acquired Source of acquisition Cost, normal purchase price Full call number Barcode Date last seen Copy number Price effective from Koha item type
        IMTN IMTN Rack 31-A 03/10/2014 AP 34.95 658.406 NIG 22340 06/24/2024 65.6 06/24/2024 Books
Designed & Maintained by: LRC IMT Nagpur Contact: lrc@imtnag.ac.in© 2024. All Rights Reserved.